00361nam a2200133Ia 450000500170000000800410001702000150005808200130007310000180008624500410010426000430014530000130018850000260020120250509035222.0240331s9999 xx 000 0 und d a9559525530 a100bJAY aJayasekara, K 0aPletogo sahithya sankalpa ha nirmana aKelaniyabUniversity of Kelaniyac1994 a148 p ., aPhilosophy of Pilato